|
|
|
|
| LEADER |
00980naa a2200205 i 4500 |
| 001 |
acta65628 |
| 005 |
20260224081030.0 |
| 008 |
200220s2017 hu o 000 hun d |
| 020 |
|
|
|a 978-963-418-010-4
|
| 040 |
|
|
|a SZTE Egyetemi Kiadványok Repozitórium
|b hun
|
| 041 |
|
|
|a hun
|
| 100 |
1 |
|
|a Koltai Júlia
|
| 245 |
1 |
0 |
|a Normák, értékek, integráció
|h [elektronikus dokumentum] :
|b a segítési hajlandóság társadalmi tényezői - egy kérdőíves kísérlet eredményei /
|c Koltai Júlia
|
| 260 |
|
|
|c 2017
|
| 300 |
|
|
|a 283-304
|
| 490 |
0 |
|
|a Társadalmi integráció : az egyenlőtlenségek, az együttműködés, az újraelosztás és a hatalom szerkezete a magyar társadalomban
|
| 695 |
|
|
|a Társadalmi integráció, Politikai kultúra - Magyarország - 20-21. sz., Társadalmi beilleszkedés - Magyarország
|
| 700 |
0 |
1 |
|a Kristóf Luca
|e aut
|
| 700 |
0 |
1 |
|a Simonovits Bori
|e aut
|
| 856 |
4 |
0 |
|u http://acta.bibl.u-szeged.hu/65628/1/tarsadalmi_integracio_283-304.pdf
|z Dokumentum-elérés
|